Une lettre suffit pour répondre juste #71 (attention 10 lettres tuent) - Statistiques

Statistiques générales
  • Ce quiz a été pris 64 fois
  • Le résultat moyen est 3 sur 6
Statistiques - réponses
Hint Réponse % Correct
Donne une des 5 lettres qui complète les paroles de la chanson La Bohème de Charles Aznavour : La bohème, la bohème Nous ne mangions qu'un jour sur deux. Dans les cafés voisins Nous étions quelques-uns Qui attendions la gloire Et bien que miséreux Avec le ventre _ _ _ _ _ Nous ne cessions d'y croire CREUX
100%
Donne une des 4 lettres qui complète le nom de ce groupe de nu metal américain, créé en 1994, qui définit sa musique comme étant du « pimp-rock » (entre rap et metal) : _ _ _ _ BIZKIT
LIMP
67%
Donne une des 3 lettres qui complète le nom de cette série TV : Angela, 15 _ _ _
ANS
55%
Donne la lettre qui complète le nom de cet artiste en photo : JAY-?
Z
35%
Donne une des 2 lettres qui ensemble : - désigne le nom donné à la catégorie des courses automobiles de longues distances et d'endurance, et aux voitures qui sont conçues pour y participer - complète le nom de cette série TV d'animation japonaise : Dragon Ball ??
GT
33%
Donne la lettre qui complète le nom de la série de manga écrit et dessiné par Shūichi Shigeno (publié de 1995 à 2013) dont voici l'anime : Initial ?
D
4%
Aucun quiz correspondant
Distribution des résultats
% des personnes avec chaque résultat
Percentile par nombre de réponses
Votre historique - résultats
Vous n’avez pas pris ce quiz